| 000 | 00554nam a2200193Ia 4500 | ||
|---|---|---|---|
| 005 | 20250423101000.0 | ||
| 008 | 250422s9999 xx 000 0 und d | ||
| 020 | _a9780132758994 | ||
| 050 | _aGV 716 .F68/ | ||
| 100 | _aFort, Rodney D. | ||
| 245 | 0 | _aSports economics | |
| 250 | _a3rd ed. | ||
| 260 | _aBoston | ||
| 260 | _bPearson | ||
| 260 | _c2012 | ||
| 300 | _a520 p | ||
| 650 | _aSports--Economic aspects--United States. Professional sports--Economic aspects--United States. College sports--Economic aspects--United States. | ||
| 942 | _cBK | ||
| 999 |
_c34932 _d34932 |
||